| 000 | 01843nam a2200229Ia 4500 | ||
|---|---|---|---|
| 008 | 260220t2002||||xx |||||||||||||| ||spa|| | ||
| 040 |
_aPY-SlUNAC _bspa _erda |
||
| 041 | _aspa | ||
| 082 |
_a551.5 _bOr4r |
||
| 245 | 0 | _aReducción de la vulnerabilidad a los fenómenos meteorológicos y climáticos extremos | |
| 264 |
_aGinebra : _bOrganización Meteorológica Mundial, _c℗2002. |
||
| 300 | _a1 volumen | ||
| 520 | _aEl libro "Reducción de la vulnerabilidad a los fenómenos meteorológicos y climáticos extremos", publicado por la Organización Meteorológica Mundial en 2002, aborda la necesidad urgente de mitigar los impactos de los eventos climáticos extremos, que afectan gravemente a comunidades y ecosistemas. A través de un análisis exhaustivo, se identifican las principales vulnerabilidades y se proponen estrategias integradas para mejorar la preparación y respuesta ante desastres naturales. Se destaca la importancia de la colaboración entre gobiernos, organizaciones no gubernamentales y la comunidad científica para desarrollar sistemas de alerta temprana y planes de adaptación. Además, el texto enfatiza la relevancia de la educación y la concienciación pública en la reducción de riesgos, promoviendo la inclusión de medidas de sostenibilidad en el desarrollo urbano y rural. Con un enfoque multidisciplinario, el libro provee un marco conceptual y práctico que busca empoderar a las comunidades, favoreciendo su resiliencia frente a los desafíos que representan el cambio climático y los fenómenos meteorológicos severos. | ||
| 653 | _aCambio climático | ||
| 653 | _aDesastres naturales | ||
| 653 | _aGestión de riesgos | ||
| 942 |
_b2026/02/17 _cBK |
||
| 999 |
_c8056 _d8056 |
||